| 000 | 00395nam a2200169Ia 4500 | ||
|---|---|---|---|
| 005 | 20251020182558.0 | ||
| 008 | 200515s9999 xx 000 0 und d | ||
| 082 | _aSC/331(082.2)/R94 | ||
| 100 | _aRUIZ-TAGLE G., Carlos ZEGERS B., Pedro | ||
| 245 | 0 | _aAntologĂa del trabajo | |
| 260 | _aGinebra | ||
| 260 | _c1988 | ||
| 300 | _a221 | ||
| 650 | _aEMPLEO | ||
| 650 | _aPUB OIT | ||
| 942 | _cLIB | ||
| 999 |
_c2976 _d2976 |
||